Atlas adarna : (Record no. 102665)
[ view plain ]
| 000 -LEADER | |
|---|---|
| fixed length control field | 00500nam a2200157 a 4500 |
| 005 - DATE AND TIME OF LATEST TRANSACTION | |
| control field | 20140412111240.0 |
| 008 - FIXED-LENGTH DATA ELEMENTS--GENERAL INFORMATION | |
| fixed length control field | 010420s19uu xx 00 eng d |
| 020 ## - INTERNATIONAL STANDARD BOOK NUMBER | |
| International Standard Book Number | 971-27-0000-3 |
| 050 ## - LIBRARY OF CONGRESS CALL NUMBER | |
| Classification number | Fil 912 |
| Item number | MAR 1990 |
| 100 ## - MAIN ENTRY--PERSONAL NAME | |
| Personal name | Martin, P. T. |
| 245 ## - TITLE STATEMENT | |
| Title | Atlas adarna : |
| Remainder of title | mga mapa ng Pilipinas para sa mga mag-aaral / |
| Statement of responsibility, etc | by P. T. Martin & A. E. Gamos. |
| 260 ## - PUBLICATION, DISTRIBUTION, ETC. (IMPRINT) | |
| Place of publication, distribution, etc | Pasi, Metro Manila : |
| Name of publisher, distributor, etc | Anvil Publishing, Inc, |
| Date of publication, distribution, etc | 1990. |
| 300 ## - PHYSICAL DESCRIPTION | |
| Extent | 32p. ; col. ; ill. |
| 650 ## - SUBJECT ADDED ENTRY--TOPICAL TERM | |
| Topical term or geographic name as entry element | Philippine Maps |
| Withdrawn status | Lost status | Damaged status | Home library | Current library | Shelving location | Date acquired | Source of acquisition | Total Checkouts | Full call number | Barcode | Date last seen | Price effective from | Koha item type |
|---|---|---|---|---|---|---|---|---|---|---|---|---|---|
| Elizalde Library | Elizalde Library | Filipiniana Section | 04/20/2001 | Fil 912 MAR 1990 | E2407 | 04/12/2014 | 04/12/2014 | Books |